000 00530nam a2200193 a 4500
005 20141120105928.0
008 030920s19uu xx 00 eng d
020 _a9780439358071
050 _aPZ 7
_b.R79835Op 2004
100 _aRowling, J.K.
245 _aHarry Potter and the order of phoenix /
_cJ.K. Rowling.
250 _aBook 5
260 _aNew York :
_bScholastic Press,
_c2004.
300 _a870 pages :
_billustrations ;
_c24 cm.
650 _aFiction
942 _cBK
_2lcc
999 _c276847
_d276847